Welcome to the Holygrace Academy Library

Please use search bar below to get started

XII PRADEEP'S FUNDAMENTAL PHYSICS (Record no. 7144)

MARC details
000 -LEADER
fixed length control field 00408nam a22001697a 4500
020 ## - INTERNATIONAL STANDARD BOOK NUMBER
ISBN 978-93-95649-22-3
082 ## - DEWEY DECIMAL CLASSIFICATION NUMBER
Classification number 530
Item number GOM/F
100 ## - MAIN ENTRY--AUTHOR NAME
Personal name GOMBER K.L, GOCIA, K.L
245 ## - TITLE STATEMENT
Title XII PRADEEP'S FUNDAMENTAL PHYSICS
246 ## - VARYING FORM OF TITLE
Title proper/short title VOL.I
246 ## - VARYING FORM OF TITLE
Title proper/short title VOL.II
260 ## - PUBLICATION, DISTRIBUTION, ETC. (IMPRINT)
Place of publication NEW DELHI
Name of publisher PRADEEP PUBLICATIONS
Year of publication 20223
300 ## - PHYSICAL DESCRIPTION
Number of Pages 15/60
520 ## - SUMMARY, ETC.
Summary, etc XII PHYSICS
650 ## - SUBJECT ADDED ENTRY--TOPICAL TERM
Topical Term PHYSICS REFERENCE
942 ## - ADDED ENTRY ELEMENTS (KOHA)
Koha item type Books
Holdings
Withdrawn status Lost status Collection code Home library Current library Shelving location Date acquired Source of acquisition Cost, normal purchase price Full call number Accession Number Koha item type
    Reference Main Library Main Library SHELF-9 B XII PHYSICS 26/10/2023 Purchase 1490.00 530 GOM/F 12976 Books
    Reference Main Library Main Library SHELF-9 B XII PHYSICS 26/10/2023 Purchase 1490.00 530 GOM/F 12975 Books